| Registos Bibliográficos associados ao registo de autoridade |
|
Etiqueta de registo: 00785cam 022002411 04500 001 318098 003 http://id.bnportugal.gov.pt/bib/catbnp/318098 005 20000809145600.0 095 ## $aPTBN00334153 100 ## $a19890315d1580 k y0pora0103 ba 101 1# $aspa$clat 102 ## $aES 105 ## $ay z 000yy 106 ## $ar 200 1# $aVida y milagros de la bienauenturada Sancta Catherina de Sena trasladada de latin
en castellano por el Reuerendo maestro Antonio de la Peña de la orden de los Predicadores
; y la vida de la bienauenturada Soror Iuana de Orbieto y de Soror Margarita de Castello
210 #9 $aEn Salamanca$cen casa de Alonso de Terranova y Neyla,$d1580 215 ## $a[16], 360 f., [1] br.$d8º 321 1# $aRuiz Fidalgo Salamanca 1029 321 1# $aCCBE s. XVI R 51 321 1# $aBN-Tip. Esp. XVI 1551 321 1# $aIberian Books 59823 [15511] 518 1# $aVida y milagros de la bienaventurada Santa Caterina de Sena 620 ## $dSalamanca 700 #0 $aRaymundus de Vineis,$f1330-1399,$cO.F.M.$377621 702 #1 $aPeña,$bAntonio de la,$ffl. 1511$4730$3953438 702 #1 $aTerranova y Neyla,$bIldefonso,$f1576-1588$4610$3280087 801 #0 $aPT$bBN$gRPC 856 40 $2Cópia digital disponível em Biblioteca Digital Hispánica$uhttp://bdh-rd.bne.es/viewer.vm?id=0000066749&page=1 966 ## $lBN$mRESIMP$sRES. 1990 P.
Etiqueta de registo: 00630cam 22001931 450 001 744102 003 http://id.bnportugal.gov.pt/bib/catbnp/744102 005 20010721130900.0 095 ## $aPTBN00531366 100 ## $a19930319d1556 k y0pory0103 ba 101 1# $aita$clat 102 ## $aIT$bVeneza 200 1# $aVita miracolosa della Seraphica S. Catherina da Siena 210 #9 $aVenetia$cnella contrata di Santa Maria Formosa,$d1556 215 ## $d8º 700 #0 $aRaymundus de Vineis,$f1330-1399,$cO.F.M.$377621 702 #1 $aContrata di Santa Maria Formosa$3717487 801 #0 $aPT$bBN$gRPC 856 42 $zPágina de título$uhttp://patrimonia.porbase.org/hg-3728-p/hg-3728-p_y-01_rosto_t0.jpg$2Página de título 966 ## $lBN$mFGMON$sH.G. 3728 P. 997 ## $aBIBEOD 998 ## $aCR917-46
Etiqueta de registo: 00987cam 022002891 04500 001 318099 003 http://id.bnportugal.gov.pt/bib/catbnp/318099 005 20000809123600.0 095 ## $aPTBN00334154 100 ## $a19890315d1511 k y0pora0103 ba 101 1# $aspa$clat 102 ## $aES 105 ## $ay z 000yy 106 ## $ar 200 1# $aLa vida de la bienaventurada sancta Caterina de Sena$ftrasladada de latin en castellano por el reuerendo maestro fray Antonio dela peña...$eY la vida dela bien auenturada soror Ioana de orbieto y de soror Margarita de castello 210 #9 $aEn Alcala de Henares$cen casa de Arnao Guille[n] de Brocar,$d1511 215 ## $a[12], 116 f.$d2º (30 cm) 305 ## $aExistem 2 variantes: var. A, data no colofão 27-03-1511 (BNP RES. 827 V.); var. B,
data no colofão 26-06-1511 (BNP RES. 826 V.) 306 ## $aPé de imprensa no colofão 306 ## $aMarca do impressor no colofão 306 ## $aTexto impresso em 2 colns. 307 ## $aNa f. de rosto, escudo xilogr. do Cardeal Cisneros 307 ## $aAssin.: a//4, B//1, b-q//8, r//4 321 1# $aMartín Abad, Alcalá de Henares 11 A e B 321 1# $aNorton, 10 A e B 321 1# $aCCPB CCPB000024434-1 321 1# $aIberian Books 59820 [15505] ; 75953 [15506] 518 1# $a La vida de la bienaventurada Santa Caterina de Sena 620 ## $dAlcalá de Henares 700 #0 $aRaymundus de Vineis,$f1330-1399,$cO.F.M.$377621 702 #1 $aPeña,$bAntonio de la,$ffl. 1511$4730$3953438 702 #1 $aGuillén de Brocar,$bArnao,$ffl. 1490-1523$4610$3108711 801 #0 $aPT$bBN$gRPC 856 40 $2Cópia digital da var. B disponível em Universidad Complutense, Biblioteca Histórica
Marqués de Valdecilla$uhttp://alfama.sim.ucm.es/dioscorides/consulta_libro.asp?ref=B21722559&idioma=0 930 ## $lBN$dF. 4630$iMicrofilme 930 ## $lBN$mAR$dF. 4631$iMicrofilme 966 ## $lBN$mMICROF$nMicrofilme$sF. 4630 966 ## $lBN$mMICROF$nMicrofilme$sF. 4631 966 ## $lBN$mRESIMP$sRES. 826 V. 966 ## $lBN$mRESIMP$sRES. 827 V.
Etiqueta de registo: 00254nam 2200025 450 001 2285607 003 http://id.bnportugal.gov.pt/bib/catbnp/2285607 100 ## $a20260430d1601 m y0pory01030103ba 101 0# $alat 102 ## $aDX 105 ## $ay z 000yy 106 ## $ar 200 1# $aD. Catharinae Senensis, Virginis Sanctissimae, Dialogi, in sex tractatus distributi
diuinam planè & admirabilem sententiam ad spiritualis vitae institutionem complexi$eAnte annos CLXXXIII. a D. Raymundo à vineis Capuano Theologo ex Italico in Latinum
conuersi, nunc accuratiùs typis excusi$eadiectae sunt ad finem Orationes quaedam eiusdem Sanctissimae Virginis, ac summa breuis,
& index singulorum capitum 210 #9 $aColoniae Agrippinae$cin officina Birckmannica sumptibus Arnoldi Mylij,$d1601 215 ## $a[16], 640, [18] p.$d8º (15 cm) 307 ## $aAssin.: [cruz]//8, A-Z//8, Aa-Ss//8, T//2 316 ## $aMau estado. - Enc. em pergaminho$5PTBN: R. 1829 P. 321 ## $aBayerische Staatsbibliothek BV001577713 321 ## $aICCU IT\ICCU\PUVE\018745 500 10 $aDialogi 620 ## $dColónia 700 #0 $aCatarina de Siena,$cSanta,$f1347-1380$343632 702 #0 $aRaymundus de Vineis,$f1330-1399,$cO.F.M.$4730$377621 702 #1 $aMylius,$bArnold,$cI,$ffl. 1565-1605$4610$31562106 712 02 $aOfficina Birckmanniana,$ffl. 1565-?$4610$31562089 801 #0 $aPT$bBN$gRPC 966 ## $lBN$mFGMON$sR. 1829 P. 971 ## $cpmesqui$d20260430 997 ## $aBIBEOD
Etiqueta de registo: 00254nam 2200025 450 001 2285585 003 http://id.bnportugal.gov.pt/bib/catbnp/2285585 100 ## $a20260430d1583 m y0pory01030103ba 101 0# $alat 102 ## $aDX 105 ## $ay z 000yy 106 ## $ar 200 1# $aDialogi D. Catharinae Senensis Virginis Sanctissimae, in sex tractatus distributi,
diuinam planè & admirabilem sapientiam ad spiritualis vitae institutionem complectentes$eante annos C.LXXXIII. per D. Raymundum a Vineis Capuanum theologum ex Italico sermone
in latinum conuersi; nunc autem denuò & accuratiùs longè & correctiùs typis excusi$eAdiectae sunt sub finem orationes quaedam eiusdem sanctissimae Virginis; vnâ cum summa
breui & indice singulorum capitum 210 #9 $aIngolstadii$cex officina typographica Dauidis Sartorii,$d1583 215 ## $a[8], 331, [13] f. $d8º 307 ## $aAssin.: )(//8, A-Z//8, a-u//8 314 ## $aSegundo bibliogr., a trad. atribuída a Raymundus de Vineis é de Stefano Moconi 316 ## $aExemplar em mau estado$5PTBN: R. 1823 P. 321 ## $aAdams C 1105 321 ## $aICCU IT\ICCU\BVEE\010960 620 ## $dIngolstadt 700 #0 $aCatarina de Siena,$cSanta,$f1347-1380$343632 702 #0 $aRaymundus de Vineis,$f1330-1399,$cO.F.M.$4340$377621 702 #1 $aMaconi,$bStefano,$f1350?-1424$4730$31997400 702 #1 $aSartorius,$bDavid,$f1575-1596$4610$3568233 801 #0 $aPT$bBN$gRPC 856 40 $2Cópia digital disponível em Google Books$uhttps://books.google.pt/books?id=PMjLTunoHb8C&hl=pt-PT&pg=PA1#v=onepage&q&f=false 966 ## $lBN$mFGMON$sR. 1823 P. 971 ## $cpmesqui$d20260430 997 ## $aBIBEOD
|
|
|